Online
Catalog

Nostalgia de lo eterno / (Record no. 32213)

MARC details
000 -CABECERA
campo de control de longitud fija 00604nam a2200181 a 4500
001 - NÚMERO DE CONTROL
campo de control 000032722
005 - FECHA Y HORA DE LA ÚLTIMA TRANSACCIÓN
campo de control 20200930065809.0
008 - DATOS DE LONGITUD FIJA--INFORMACIÓN GENERAL
campo de control de longitud fija 110725s1996 dr 000 0 spa d
040 ## - FUENTE DE LA CATALOGACIÓN
Centro catalogador/agencia de origen DO-SdBNP
Lengua de catalogación spa
Centro/agencia transcriptor BNPHU
049 ## - FONDOS LOCALES (OCLC)
Fondos de biblioteca BNPD
100 1# - ENTRADA PRINCIPAL--NOMBRE DE PERSONA
Nombre de persona León Silverio, Oscar de
9 (RLIN) 58577
245 10 - MENCIÓN DE TÍTULO
Título Nostalgia de lo eterno /
Mención de responsabilidad, etc. Oscar de León Silverio.
260 ## - PUBLICACIÓN, DISTRIBUCIÓN, ETC.
Lugar de publicación, distribución, etc. Santo Domingo :
Nombre del editor, distribuidor, etc. Ateneo Insular,
Fecha de publicación, distribución, etc. 1996
Fabricante Editora Teófilo
300 ## - DESCRIPCIÓN FÍSICA
Extensión 100 p. ;
Dimensiones 22 cm.
490 1# - MENCIÓN DE SERIE
Mención de serie Insulas extrañas
Designación de volumen o secuencia 2
590 ## - NOTA LOCAL (RLIN)
Nota local Perteneció a la biblioteca personal de Juan Isidro Jimenes Grullón
830 #0 - PUNTO DE ACCESO ADICIONAL DE SERIE-TÍTULO UNIFORME
Título uniforme Insulas extrañas
Número de parte o sección de la obra 2
9 (RLIN) 58578
Holdings
Estado de retiro Estado de pérdida No para préstamo Código de colección Localización permanente Ubicación/localización actual Ubicación en estantería Fecha de adquisición Número de inventario Total de préstamos Signatura topográfica completa Código de barras Fecha visto por última vez Precio válido a partir de Tipo de ítem Koha Nota pública
      Patrimonio Dominicano Patrimonio Dominicano Patrimonio Dominicano Orden iniciada 25.07.2011 LF1   32722-10 25.06.2020 25.06.2020 Libro y Folleto Colección Patrimonio Dominicano Perteneció a la biblioteca personal de Juan Isidro Jimenes Grullón.

Powered by Koha